Informácie sú hybnou silou kapitálových trhov

Dostupnosť a rozsah využívania informácií, ako kritérium na stanovenie stupňa dokonalosti kapitálového trhu. Najkoncentrovanejšia forma informácií - trhová cena cenného papiera. Informačná povinnosť emitenta - vzťahuje sa na emitentov verejne obchodovateľných cenných papierov. Využívanie dôverných i...

Ausführliche Beschreibung

Gespeichert in:
Bibliographische Detailangaben
1. Verfasser: Horváth, Martin
Format: Buchkapitel
Sprache:Slowakisch
Schlagworte:
Tags: Tag hinzufügen
Keine Tags, Fügen Sie das erste Tag hinzu!

MARC

LEADER 00000naa a2200000 4500
001 r022145
005 20230921075847.3
041 0 |a slo 
044 |a SK 
245 1 0 |a Informácie sú hybnou silou kapitálových trhov  |c Martin Horváth 
520 |a Dostupnosť a rozsah využívania informácií, ako kritérium na stanovenie stupňa dokonalosti kapitálového trhu. Najkoncentrovanejšia forma informácií - trhová cena cenného papiera. Informačná povinnosť emitenta - vzťahuje sa na emitentov verejne obchodovateľných cenných papierov. Využívanie dôverných informácií z akciových spoločností. 
610 2 0 |a informácie 
610 2 0 |a trh kapitálový 
610 2 0 |a Slovensko 
610 2 0 |a papiere cenné 
610 2 0 |a ceny 
610 2 0 |a ceny trhové 
610 2 0 |a burzy 
610 2 0 |a emitenti 
100 1 |a Horváth, Martin